| 000 | 00430nam a22001697a 4500 | ||
|---|---|---|---|
| 003 | NUST - PNEC | ||
| 005 | 20170116181029.0 | ||
| 008 | 150919b xxu||||| |||| 00| 0 eng d | ||
| 020 | _a8170298229 | ||
| 040 | _cLIBRARY | ||
| 082 | _a621.38152 JAI | ||
| 245 | _aUp-to-date CMOS 7400 IC's data & comparison tables | ||
| 250 | _a1st ed. | ||
| 260 | _c1997 | ||
| 650 |
_910268 _aMetal oxide semiconductors _xEE |
||
| 942 |
_2ddc _cBK |
||
| 999 |
_c67667 _d67667 |
||